00393nam a22001457a 4500003000400000005001700004008004100021020001400062040001800076082001900094100003300113245005100146260004200197300000800239OSt20200606120140.0191031b ||||| |||| 00| 0 eng d a818888026 cMESKC library a891.443bCHA/B aChattopadhyay, Sarathchandra aBrahman Ki Beti /cSarathchandra Chattopadhyay aNew Delhi :bAkshath Prakashan,c2012 a80p